| 000 | 01659nam a22004937a 4500 | ||
|---|---|---|---|
| 001 | 22682651 | ||
| 003 | LIBRIS | ||
| 005 | 20241030083007.0 | ||
| 008 | 180517s2006 xx |||||||||||000 0|eng|d | ||
| 015 |
_aGBA695011 _2dnb |
||
| 016 | 7 |
_a013-59673 _2Uk |
|
| 020 | _a9781422104606 | ||
| 020 | _a1422104605 | ||
| 035 | _a(OCoLC)ocn601068403 | ||
| 040 |
_aHEBIS _bger _cHEBIS _dGBVCP _dOCLCO _dOCLCF _dDEBBG _dN9V _dOCLCQ |
||
| 041 | _aeng | ||
| 080 |
_a005 _bS-60 |
||
| 084 |
_aQP 600 _2rvk |
||
| 088 | _a2006021351 | ||
| 100 | 1 |
_aSilk, Alvin J. _4aut |
|
| 245 | 1 | 0 |
_aWhat is marketing? / _cAlvin J. Silk. |
| 260 |
_aBoston. Mass. _bHarvard School Pr. _c2006. |
||
| 264 | 1 | _c2006 | |
| 300 |
_aXII, 207 Seiten _bDiagramme. |
||
| 336 |
_a207 p .: _bill |
||
| 337 |
_aohne Hilfsmittel zu benutzen _bn _2rdamedia/ger |
||
| 338 |
_aBand _bnc _2rdacarrier/ger |
||
| 365 | _a29.95 USD | ||
| 490 | 0 | _aWhat is? series | |
| 650 | 0 | _aMarketing. | |
| 650 | 7 |
_aMarketing. _2fast |
|
| 650 | 7 |
_aMarketing _2stw |
|
| 650 | 7 |
_aMarketingpolitik _2stw |
|
| 650 | 0 | 4 | _aMarketing. |
| 653 | 0 | _aMarketing | |
| 653 | 0 | _aმართვა | |
| 700 |
_9906 _aSilk. Alvin J |
||
| 856 | 4 | _uhttp://digitool.hbz-nrw.de:1801/webclient/DeliveryManager?pid=1861522&custom_att_2=simple_viewer | |
| 887 |
_a{"@id":"1kct1f9c4qmj96r","modified":"2018-05-17T16:04:07+02:00","checksum":"60246973692"} _2librisxl |
||
| 887 |
_a{"@id":"z3bsq7h42jh37fc","modified":"2018-07-02T16:57:30.069+02:00","checksum":"14946126145"} _2librisxl |
||
| 942 |
_2udc _cBK |
||
| 999 |
_c1423 _d1423 |
||